[Event "POL-ch U12"]
[Site "Uniejow"]
[Date "2021.07.22"]
[Round "5"]
[White "Andrzejewski, Jakub1111"]
[Black "Uhryn, Lukasz"]
[Result "0-1"]
[WhiteElo "1447"]
[BlackElo "1377"]
[PlyCount "106"]
[EventDate "2021.07.18"]
[EventType "swiss"]
[EventRounds "9"]
[EventCountry "POL"]
[SourceTitle "EXT 2022"]
[Source "ChessBase"]
[SourceDate "2021.10.06"]
[SourceVersion "1"]
[SourceVersionDate "2021.10.06"]
[SourceQuality "1"]

1. e4 c5 2. Nc3 d6 3. f4 g6 4. Nf3 Bg7 5. Bb5+ Bd7 6. Bxd7+ Qxd7 7. d3 e6 8. 0-0 Ne7 9. Qe1 Nbc6 10. Bd2 0-0 11. Ne2 Nd4 12. Nexd4 cxd4 13. f5 gxf5 14. Qh4 Ng6 15. Qh5 f6 16. exf5 exf5 17. Nxd4 Rac8 18. Rac1 f4 19. Nf5 Rc5 20. g4 fxg3 21. hxg3 Re8 22. d4 Rcc8 23. Nxg7 Qxg7 24. c3 Re6 25. Bh6 Qe7 26. Qf5 Kf7 27. d5 Re3 28. Bxe3 Qxe3+ 29. Qf2 Qg5 30. Rce1 Rc4 31. Re6 Rf4 32. Qh2 Rxf1+ 33. Kxf1 Qxd5 34. Re2 Kg7 35. Qg2 Qf5+ 36. Qf2 Qb1+ 37. Kg2 Qxa2 38. Qd4 Qa6 39. Rd2 Qa5 40. Qxd6 Qg5 41. Qd7+ Kh6 42. Qh3+ Kg7 43. Rd4 Ne5 44. Qh4 Qe3 45. Qf4 Qe2+ 46. Qf2 Qa6 47. Rd2 Qc6+ 48. Kf1 Qh1+ 49. Ke2 Qe4+ 50. Kd1 Ng4 51. Qd4 Ne3+ 52. Ke1 Nc2+ 53. Kf1 Nxd4 0-1

[Event "Wloclawek CC Classic 20th"]
[Site "Wloclawek"]
[Date "2018.??.??"]
[Round "4"]
[White "Uhryn, Lukasz"]
[Black "Milewski, Miroslaw"]
[Result "1-0"]
[WhiteElo "1065"]
[BlackElo "1232"]
[PlyCount "101"]
[EventDate "2018.04.??"]
[EventType "swiss"]
[EventRounds "7"]
[EventCountry "POL"]
[SourceTitle "EXT 2021"]
[Source "ChessBase"]
[SourceDate "2020.10.23"]
[SourceVersion "1"]
[SourceVersionDate "2020.10.23"]
[SourceQuality "1"]

1. e4 e5 2. Nf3 d6 3. Bc4 Nf6 4. Ng5 d5 5. exd5 Nxd5 6. Qf3 Be6 7. Nc3 c6 8. Nxe6 fxe6 9. Qh5+ Kd7 10. Qxe5 Qe7 11. d3 Qf6 12. Qxf6 gxf6 13. 0-0 Nxc3 14. bxc3 e5 15. f4 Bc5+ 16. Kh1 exf4 17. Rxf4 Be7 18. Rb1 b6 19. h3 Re8 20. Rd4+ Kc8 21. Be6+ Kb7 22. Bf5 Bc5 23. Re4 Na6 24. Bxh7 Rh8 25. Bf5 Rh5 26. Bg4 Rh7 27. Be3 Rf8 28. Bxc5 Nxc5 29. Rf4 Na4 30. Rxa4 f5 31. Rf1 Rh4 32. Raf4 Rd8 33. Bxf5 Rh5 34. Bg4 Ra5 35. Rf7+ Ka6 36. Ra1 Ra3 37. c4 Ra5 38. Rc7 b5 39. Rxc6+ Kb7 40. cxb5 Rxb5 41. Bf3 Kb8 42. a4 Rb2 43. a5 Rd7 44. a6 Rf7 45. Re1 Rf8 46. Bh5 Rb1 47. Rxb1+ Ka8 48. Re1 Rb8 49. Re8 Rxe8 50. Bxe8 Kb8 51. Bd7 1-0